Đuốc Ô-lim-pích Bắc Kinh 2008 được rước qua 137 nghìn km /

Guardado en:
Detalles Bibliográficos
Autor principal: Quang Thiều.
Formato: Artículo
Lenguaje:Vietnamese
Materias:
Etiquetas: Agregar Etiqueta
Sin Etiquetas, Sea el primero en etiquetar este registro!
Thư viện lưu trữ: Thư viện Trường Đại học Đà Lạt
LEADER 00724nam a2200253 4500
001 DLU100104672
005 ##20100315
040 # # |a DLU  |b vie 
041 # # |a vie 
044 # # |a vn 
100 # # |a Quang Thiều. 
245 # # |a Đuốc Ô-lim-pích Bắc Kinh 2008 được rước qua 137 nghìn km /  |c Quang Thiều. 
653 # # |a Thế vận hội 
653 # # |a Trung Quốc 
773 # # |t Nhân dân hàng tháng  |g Số5(133), 2008, tr. 45 
920 # # |a Phòng Tạp chí -- Trung tâm Thông tin - Thư viện Trường Đại học Đà Lạt 
994 # # |a DLU 
900 # # |a True 
911 # # |a Nguyễn Thị Linh Chi 
925 # # |a G 
926 # # |a A 
927 # # |a BB 
980 # # |a Thư viện Trường Đại học Đà Lạt